[Event "Najdorf 2017"]
[Site "Warsaw POL"]
[Date "2017.07.13"]
[Round "5.47"]
[White "Nguyen, Piotr"]
[Black "Kubicka, Anna"]
[Result "1/2-1/2"]
[WhiteElo "2444"]
[BlackElo "2152"]

1. d4 Nf6 2. c4 g6 3. Nc3 Bg7 4. e4 d6 5. Nf3 O-O 6. h3 Na6 7. Bg5 Qe8 8.
Be2 e5 9. d5 Nc5 10. Nd2 a5 11. g4 Kh8 12. h4 Ng8 13. Nb3 Nxb3 14. axb3 Bd7
15. Be3 f5 16. gxf5 gxf5 17. exf5 Bxf5 18. Qd2 Nf6 19. Rg1 Rg8 20. Rg5 Qd7
21. O-O-O Ne4 22. Nxe4 Bxe4 23. Bg4 Qe8 24. Be6 a4 25. Bxg8 axb3 26. Qb4
Ra1+ 27. Kd2 Rxd1+ 28. Kxd1 h6 29. Rg1 Bc2+ 30. Ke1 Qa8 31. Ke2 e4 32. Qd2
Bd3+ 33. Kd1 Bc2+ 34. Ke2 Bd3+ 35. Kd1 Bc2+ 36. Ke1 Kxg8 37. Bxh6 Qa1+ 38.
Qc1 Qxc1+ 39. Bxc1 Kh7 40. Kd2 Bd4 41. Rg2 Bd3 42. Rg4 Bxf2 43. Kc3 Bc2 44.
Bf4 Bb6 45. Rg3 Ba5+ 46. Kd4 Bb6+ 47. Kc3 Ba5+ 48. Kd4 Bb6+ 49. Kc3 Ba5+
1/2-1/2

[Event "Najdorf 2017"]
[Site "Warsaw POL"]
[Date "2017.07.13"]
[Round "5.48"]
[White "Percivaldi, Martin"]
[Black "Kucza, Karol"]
[Result "1/2-1/2"]
[WhiteElo "2433"]
[BlackElo "2297"]

1. d4 d5 2. c4 e6 3. Nf3 Nf6 4. g3 Be7 5. Bg2 O-O 6. O-O dxc4 7. Qc2 a6 8.
a4 Bd7 9. Rd1 Bc6 10. Nc3 Bxf3 11. Bxf3 Nc6 12. Bxc6 bxc6 13. a5 Qb8 14.
Ra4 Qb3 15. Qxb3 cxb3 16. Rc4 Rfd8 17. Rxc6 Bb4 18. Bg5 Bxa5 19. Bxf6 gxf6
20. Ne4 Bb6 21. e3 f5 22. Nf6+ Kg7 23. Nh5+ Kh6 24. Nf4 a5 25. Ra1 a4 26.
Nd3 Rd5 27. Ne5 Kg7 28. Kf1 Rb5 29. Ra3 f6 30. Nd3 e5 31. Rc4 Rba5 32. Nb4
exd4 33. exd4 f4 34. Nc6 Rh5 35. Kg2 fxg3 36. hxg3 Re8 37. Rcxa4 Re2 38.
Rxb3 Rf5 39. Rf3 Rxf3 40. Kxf3 Rxb2 41. Ne7 Kf7 42. Nf5 Ke6 43. g4 h5 44.
Ng7+ Kd5 45. Nxh5 Rb3+ 46. Ke2 Bxd4 47. Nf4+ Ke5 48. Nd3+ Kd5 49. Nf4+ Ke5
50. Ng6+ Kd5 51. Nf4+ Ke5 1/2-1/2

[Event "Najdorf 2017"]
[Site "Warsaw POL"]
[Date "2017.07.13"]
[Round "5.50"]
[White "Chylewski, Patryk"]
[Black "Konguvel, Ponnuswamy"]
[Result "1/2-1/2"]
[WhiteElo "2275"]
[BlackElo "2388"]

1. e4 c5 2. Nf3 e6 3. d4 cxd4 4. Nxd4 Nc6 5. Nc3 Qc7 6. Be3 a6 7. Bd3 Nf6
8. O-O Ne5 9. f4 Neg4 10. Bd2 Bc5 11. Ne2 e5 12. fxe5 d5 13. Bf4 Nxe5 14.
exd5 Nxd5 15. c3 O-O 16. Be4 Nf6 17. Bc2 Bg4 18. Kh1 Rfe8 19. h3 Bh5 20.
Qe1 Qb6 21. g4 Bxd4 22. Nxd4 Nc6 23. Qf2 Nxd4 24. cxd4 Bg6 25. Bxg6 hxg6
26. Be5 Qc6+ 27. Kg1 Qd5 28. Bxf6 gxf6 29. Qxf6 Re3 30. Kh2 Rc8 31. Rf2 Re4
32. Raf1 Rc7 33. a3 Rxd4 34. Qf3 Qxf3 35. Rxf3 Rd2+ 36. R3f2 Rcc2 37. Kg3
Rd3+ 38. Kg2 Rxf2+ 39. Rxf2 Rb3 40. g5 Kf8 41. Re2 a5 42. h4 a4 43. Kh2 Kg7
44. Rf2 b6 45. Kg2 b5 46. Kh2 Re3 47. Kg2 Kf8 48. Rf3 Re2+ 49. Rf2 Re4 50.
Kg3 Ke7 51. Rf4 Re3+ 52. Kg4 Rb3 53. Rf2 Ke6 54. Rf6+ Ke7 55. Rf2 Ke6 56.
Rf6+ Ke7 1/2-1/2

[Event "Najdorf 2017"]
[Site "Warsaw POL"]
[Date "2017.07.13"]
[Round "5.61"]
[White "Antolak, Julia"]
[Black "Paszewski, Mateusz"]
[Result "0-1"]
[WhiteElo "2144"]
[BlackElo "2323"]

1. e4 c5 2. Nf3 d6 3. d4 cxd4 4. Nxd4 Nf6 5. Nc3 g6 6. Bc4 Bg7 7. f3 Nc6 8.
Be3 O-O 9. Qd2 Bd7 10. O-O-O Rb8 11. Bb3 Na5 12. h4 b5 13. Bh6 Bxh6 14.
Qxh6 e5 15. Nde2 b4 16. Nd5 Nxb3+ 17. axb3 Nxd5 18. Rxd5 Rb6 19. h5 Qe7 20.
hxg6 fxg6 21. Rhd1 Be6 22. R5d3 Rc8 23. Qd2 Qc7 24. Kb1 Ra6 25. c4 bxc3 26.
Rxc3 Qb7 27. Rxc8+ Qxc8 28. Qe3 Qb7 29. Rd3 d5 30. Qg5 Ra1+ 31. Kc2 dxe4
32. fxe4 Qxe4 33. Qd8+ Kg7 34. Nc3 Qxg2+ 35. Rd2 Bf5+ 0-1

[Event "Najdorf 2017"]
[Site "Warsaw POL"]
[Date "2017.07.13"]
[Round "5.62"]
[White "Niekras, Dawid"]
[Black "Sahil, Tickoo"]
[Result "1-0"]
[WhiteElo "2291"]
[BlackElo "2234"]

1. e4 e6 2. d4 d5 3. Nc3 Nf6 4. Bg5 Bb4 5. e5 h6 6. Bd2 Bxc3 7. bxc3 Ne4 8.
Qg4 Kf8 9. Bd3 Nxd2 10. Kxd2 c5 11. h4 Nc6 12. Qf4 c4 13. Bf1 b5 14. a3 a5
15. Rh3 Ra7 16. Ne2 Qe7 17. Qe3 Bd7 18. Nf4 Rg8 19. Rf3 Ke8 20. Nh5 Kd8 21.
Rg3 Qf8 22. Qf3 Ne7 23. Rg4 Nf5 24. Rf4 Be8 25. g3 f6 26. exf6 g5 27. Rxf5
Bxh5 28. g4 Bg6 29. Re5 Be4 30. Qg3 Qxf6 31. Rxe4 dxe4 32. Qb8+ Ke7 33.
Qxa7+ Ke8 34. Qb8+ Kf7 35. Qc7+ Ke8 36. Qc8+ Kf7 37. Qb7+ Kf8 38. Qxe4 gxh4
39. Ke3 h5 40. Be2 h3 41. Qf4 1-0

[Event "Najdorf 2017"]
[Site "Warsaw POL"]
[Date "2017.07.13"]
[Round "5.63"]
[White "Nowicki, Bartosz"]
[Black "Walter, Szymon"]
[Result "1-0"]
[WhiteElo "2262"]
[BlackElo "2220"]

1. e4 c5 2. Nf3 d6 3. d4 cxd4 4. Nxd4 Nf6 5. Nc3 g6 6. Be3 a6 7. Qd2 b5 8.
f3 Bb7 9. O-O-O h5 10. Bd3 Nbd7 11. h3 Bg7 12. g4 Nb6 13. e5 Nfd5 14. e6
Nxc3 15. Qxc3 Rc8 16. Qe1 Bd5 17. exf7+ Bxf7 18. Ne6 Bxe6 19. Bxb6 Qxb6 20.
Qxe6 Kd8 21. Bxg6 hxg4 22. Bf5 Rc7 23. hxg4 Rf8 24. Rh7 Bf6 25. Rf7 Rxf7
26. Qxf7 Qe3+ 27. Kb1 Rc6 28. Qf8+ Kc7 29. Qc8+ Kb6 30. Qd8+ Rc7 31. Be4
Qc5 32. a3 a5 33. Rd5 Qc4 34. a4 1-0

[Event "Najdorf 2017"]
[Site "Warsaw POL"]
[Date "2017.07.13"]
[Round "5.64"]
[White "Paramzina, Anastasya"]
[Black "Selbes, Tarik"]
[Result "0-1"]
[WhiteElo "2166"]
[BlackElo "2260"]

1. e4 d6 2. d4 Nf6 3. Bd3 Nc6 4. c3 g6 5. Nf3 Bg7 6. O-O O-O 7. a4 e5 8.
Nbd2 exd4 9. cxd4 Nh5 10. Nb3 Bg4 11. Be3 f5 12. exf5 Ne7 13. fxg6 Nxg6 14.
Bxg6 hxg6 15. Nbd2 Qd7 16. h3 Be6 17. Ng5 Bd5 18. Qc2 Qf5 19. Qxf5 gxf5 20.
Ndf3 Rae8 21. Rfe1 Re7 22. Bd2 Rfe8 23. Rxe7 Rxe7 24. Re1 Rxe1+ 25. Bxe1
Nf4 26. Kh2 Nd3 27. Bc3 Nxf2 28. Kg3 Nd3 29. Nh4 Bf6 30. Ngf3 Be4 31. Ng6
Kf7 32. Nf4 Nc1 33. Nd2 Bc2 34. a5 Na2 35. Nd5 Nxc3 36. bxc3 Bd8 37. Ne3
Bd3 38. Kf4 Kg6 39. d5 Bf6 40. c4 Be5+ 41. Kf3 Bc3 42. Nb3 Be4+ 43. Ke2 f4
44. Nd1 Bb4 45. Nf2 Bxg2 46. Nd3 f3+ 47. Kf2 Bc3 48. Nf4+ Kf5 49. Ne6 Ke4
50. Nxc7 Kd3 51. c5 Bf6 52. Ne6 Bh4+ 53. Kg1 Kc3 54. Nbd4 dxc5 55. Nf5 Bf6
56. Nxc5 Bxh3 57. Ne4+ Kb4 58. Nfd6 Bd4+ 59. Kh2 Bf1 60. Kg3 Kxa5 61. Nxb7+
Kb6 62. Nd8 Bc4 63. Nc6 Bxd5 64. Nxd4 Bxe4 65. Nxf3 Kc5 66. Ne5 Kd4 67. Nd7
Bc6 68. Nf8 a5 69. Ne6+ Kc4 70. Nf4 Kc3 71. Ne2+ Kb2 72. Nd4 Bd7 0-1

[Event "Najdorf 2017"]
[Site "Warsaw POL"]
[Date "2017.07.13"]
[Round "5.65"]
[White "Zlatin, Alexander"]
[Black "Baasansuren, Erdene"]
[Result "1/2-1/2"]
[WhiteElo "2259"]
[BlackElo "2128"]

1. e4 c5 2. c3 d5 3. exd5 Qxd5 4. d4 g6 5. Nf3 Bg7 6. Be3 cxd4 7. cxd4 Nf6
8. Nc3 Qd8 9. Bb5+ Nbd7 10. O-O O-O 11. Re1 a6 12. Be2 Nb6 13. Ne5 Be6 14.
Nd3 Nbd5 15. Nc5 Nxe3 16. fxe3 Bd5 17. Bf3 b6 18. Nd3 Ra7 19. Nb4 Ba8 20.
Nc6 Bxc6 21. Bxc6 Qd6 22. Bf3 Rd7 23. Qb3 b5 24. Rac1 e5 25. d5 e4 26. Nxe4
Nxe4 27. Bxe4 Qe5 28. Bf3 Qxb2 29. Qxb2 Bxb2 30. Rc6 Ra8 31. Rd1 Be5 32. e4
b4 33. d6 Rad8 34. Rxa6 Rxd6 35. Raxd6 Rxd6 36. Rd5 Bf4 37. Kf2 Ra6 38. Rb5
Rxa2+ 39. Be2 Bxh2 40. Rxb4 Bg3+ 41. Kxg3 Rxe2 42. Kf3 Re1 43. Ra4 Kg7 44.
Ra3 Kf6 45. Ra5 Rf1+ 46. Ke2 Rb1 47. Ra3 Kg5 48. Rg3+ Kf6 49. Ra3 Rb7 50.
Kf3 Kg5 51. Kg3 Rb5 52. Kf3 Rb1 53. Kg3 Rf1 54. Ra7 Kf6 55. Ra5 h5 56. Rb5
g5 57. Rb6+ Kg7 58. Rb5 Kg6 59. Rb6+ Rf6 60. Rb8 h4+ 61. Kh3 Re6 62. Rb4
Rd6 63. Kh2 Rd1 64. Rb6+ Kh5 65. Rf6 g4 66. Rf5+ Kg6 67. Rf4 Kg5 68. Rf5+
Kg6 69. Rf4 g3+ 70. Kh3 Rh1+ 71. Kg4 f6 72. Rf3 Rh2 73. Ra3 Kf7 74. Ra1 Ke6
75. Kf3 Ke5 76. Rd1 Ke6 77. Ra1 h3 78. gxh3 g2 79. Kg3 Rh1 80. Ra6+ Ke5 81.
Kxg2 Re1 82. Kf3 Rf1+ 83. Ke3 Re1+ 84. Kd3 Rd1+ 85. Ke3 1/2-1/2

[Event "Najdorf 2017"]
[Site "Warsaw POL"]
[Date "2017.07.13"]
[Round "5.66"]
[White "Domanski, Lukasz"]
[Black "Krstulovic, Alex"]
[Result "0-1"]
[WhiteElo "2113"]
[BlackElo "2252"]

1. e4 e5 2. Bc4 Nc6 3. Nc3 Nf6 4. d3 h6 5. f4 Bb4 6. Ne2 d6 7. O-O O-O 8.
f5 Na5 9. a3 Bc5+ 10. Kh1 Nxc4 11. dxc4 a5 12. Qe1 Bd7 13. Qg3 Kh8 14. Qf3
Nh7 15. Qh5 c6 16. h4 Qe7 17. Bd2 b5 18. cxb5 Nf6 19. Qf3 cxb5 20. g4 b4
21. g5 bxc3 22. Nxc3 Bc6 23. gxf6 Qxf6 24. Qh5 Kg8 25. Bg5 hxg5 26. hxg5 g6
27. gxf6 gxh5 28. Rf3 Kh7 29. Rh3 Kh6 30. Kg2 Rg8+ 31. Kf3 Rg5 32. Rah1
Rxf5+ 33. Ke2 Rg5 0-1

[Event "Najdorf 2017"]
[Site "Warsaw POL"]
[Date "2017.07.13"]
[Round "5.67"]
[White "Adamski, Jan"]
[Black "Priyanka, Nutakki"]
[Result "1/2-1/2"]
[WhiteElo "2250"]
[BlackElo "2104"]

1. Nf3 Nf6 2. c4 e6 3. g3 d5 4. Bg2 Be7 5. d4 O-O 6. Qc2 c5 7. O-O Qb6 8.
dxc5 Qxc5 9. Na3 Nc6 10. cxd5 Nxd5 11. Bd2 Bd7 12. Qxc5 Bxc5 13. Nc4 Rfd8
14. Rfd1 Rac8 15. Rac1 b6 16. a3 a5 17. e3 Nf6 18. Ng5 h6 19. Ne4 Nxe4 20.
Bxe4 Be8 1/2-1/2

[Event "Najdorf 2017"]
[Site "Warsaw POL"]
[Date "2017.07.13"]
[Round "5.68"]
[White "Ghadiri, Radmehr"]
[Black "Prithu, Gupta"]
[Result "0-1"]
[WhiteElo "2125"]
[BlackElo "2293"]

1. d4 Nf6 2. c4 e6 3. Nc3 Bb4 4. Qc2 O-O 5. a3 Bxc3+ 6. Qxc3 b5 7. cxb5 c6
8. Bg5 cxb5 9. e3 Bb7 10. Ne2 h6 11. Bxf6 Qxf6 12. Qc7 Bc6 13. Nf4 a5 14.
Nh5 Qg5 15. Be2 Na6 16. Qxa5 Qxg2 17. Ng3 Nc5 18. Qb4 Ne4 19. Rf1 Qxh2 20.
Nxe4 Bxe4 21. f3 Bd5 22. b3 Rfc8 23. Kd2 Rc2+ 24. Kxc2 Qxe2+ 25. Kb1 Qxf1+
26. Kb2 Qe2+ 27. Kb1 Rc8 28. Ra2 Qd1+ 0-1

[Event "Najdorf 2017"]
[Site "Warsaw POL"]
[Date "2017.07.13"]
[Round "5.69"]
[White "Siekanski, Janusz"]
[Black "Kiolbasa, Oliwia"]
[Result "1/2-1/2"]
[WhiteElo "2287"]
[BlackElo "2253"]

1. d4 Nf6 2. c4 c5 3. d5 b5 4. cxb5 a6 5. bxa6 g6 6. Nc3 Bg7 7. e4 O-O 8.
Nf3 Qa5 9. Bd2 Bxa6 10. Bxa6 Qxa6 11. Qe2 d6 12. Rb1 Nbd7 13. b3 Rfb8 14.
Qxa6 Rxa6 15. O-O Ng4 16. a4 Rb4 17. Rfe1 c4 18. bxc4 Rxc4 19. Rb7 Bxc3 20.
Bxc3 Rxc3 21. Rxd7 Kf8 22. h3 Nf6 23. Rd8+ Kg7 24. e5 Nxd5 25. exd6 exd6
26. Ng5 h6 27. Ne4 Rcc6 28. Rd1 Nc3 29. Nxc3 Rxc3 30. R8xd6 1/2-1/2

[Event "Najdorf 2017"]
[Site "Warsaw POL"]
[Date "2017.07.13"]
[Round "5.70"]
[White "Othman, A. Moussa"]
[Black "Fus, Jakub"]
[Result "1-0"]
[WhiteElo "2277"]
[BlackElo "2103"]

1. d4 Nf6 2. c4 c5 3. d5 b5 4. Nf3 bxc4 5. Nc3 d6 6. e4 g6 7. e5 dxe5 8.
Nxe5 Bg7 9. Bxc4 O-O 10. O-O Ne8 11. Re1 Nd6 12. Bf1 Bb7 13. Bf4 Re8 14.
Rc1 Na6 15. Na4 c4 16. Nxc4 Nf5 17. Ne5 Bxe5 18. Rxe5 Rc8 19. Bb5 Rf8 20.
Rxc8 Qxc8 21. Bd3 Ng7 22. Rxe7 Rd8 23. Qe2 Nb4 24. Rc7 Qb8 25. Rxf7 Kxf7
26. Bxb8 Nxd3 27. Qxd3 Rxb8 28. Qb5 Kg8 29. h3 Nf5 30. Nc5 Nd6 31. Qd7 1-0

[Event "Najdorf 2017"]
[Site "Warsaw POL"]
[Date "2017.07.13"]
[Round "5.72"]
[White "Godzwon, Iwo"]
[Black "Karpus, Michal"]
[Result "0-1"]
[WhiteElo "2205"]
[BlackElo "2291"]

1. e4 e5 2. Nf3 Nc6 3. Bb5 a6 4. Ba4 Nf6 5. O-O Be7 6. Re1 b5 7. Bb3 d6 8.
c3 O-O 9. h3 Na5 10. Bc2 c5 11. d4 Nd7 12. Nbd2 cxd4 13. cxd4 Nc6 14. Nf1
exd4 15. Nxd4 Nxd4 16. Qxd4 Ne5 17. Qd1 Bb7 18. Ne3 Bf6 19. Rb1 Rc8 20. Bd3
Qa5 21. Bd2 Qxa2 22. Bc2 Qe6 23. Bb4 Nc4 24. b3 Nxe3 25. Rxe3 Rfe8 26. Qd3
Be5 27. Rd1 Rc6 28. Bb1 Rec8 29. Kf1 Qh6 30. Bd2 Qg6 31. Re2 b4 32. Bxb4 a5
33. Bxa5 Ba6 34. Qd2 Bc3 35. Bxc3 Rxc3 36. Kg1 Bxe2 37. Qxe2 Rxb3 38. Qa6
Rbc3 39. g3 R3c6 40. Qa3 Qf6 41. Bd3 Qf3 42. Qa4 Rc1 43. Rxc1 Rxc1+ 44. Bf1
h6 45. Qd4 Qe2 0-1

[Event "Najdorf 2017"]
[Site "Warsaw POL"]
[Date "2017.07.14"]
[Round "6.1"]
[White "Indjic, Aleksandar"]
[Black "Fridman, Daniel"]
[Result "0-1"]
[WhiteElo "2575"]
[BlackElo "2635"]

1. d4 d5 2. Nf3 Nf6 3. Bf4 c5 4. e3 Nc6 5. Nbd2 Qb6 6. dxc5 Qxb2 7. Rb1 Qc3
8. Bb5 e6 9. O-O Be7 10. Ne5 Bd7 11. Nd3 O-O 12. Bc7 b6 13. Rb3 Qa5 14. c4
Rac8 15. cxd5 exd5 16. cxb6 axb6 17. Bxc6 Bg4 18. Qc2 Rxc7 19. Rc3 Rfc8 20.
Nb3 Qa6 21. Nd4 Ne4 22. Rb3 Bd7 23. Ne5 Bxc6 24. Nexc6 Bf6 25. Qd1 Rxc6 26.
Nxc6 Rxc6 27. Qxd5 Re6 28. f3 Nd6 29. a3 g6 30. Rc1 Nf5 31. Qd2 Qa4 32. Qb4
Qxb4 33. Rxb4 Be7 34. Re4 Bxa3 35. Rc8+ Kg7 36. Rxe6 fxe6 37. e4 Bc5+ 38.
Kf1 Ne3+ 39. Kf2 Kf6 40. f4 Nc4+ 41. Ke2 e5 42. g3 Nd6 43. Rc7 exf4 44.
gxf4 Nxe4 45. Rxh7 b5 46. Kf3 Nd6 47. h4 b4 48. h5 b3 49. hxg6 b2 50. Rh1
Nc4 51. Ke2 Na3 0-1

[Event "Najdorf 2017"]
[Site "Warsaw POL"]
[Date "2017.07.14"]
[Round "6.3"]
[White "Sadzikowski, Daniel"]
[Black "Edouard, Romain"]
[Result "1/2-1/2"]
[WhiteElo "2563"]
[BlackElo "2622"]

1. e4 c5 2. Nf3 Nc6 3. Bb5 e6 4. O-O Nge7 5. d4 cxd4 6. Nxd4 Ng6 7. Be3 Be7
8. Be2 O-O 9. c4 Nxd4 10. Qxd4 b6 11. Nc3 Bb7 12. Rad1 Bc6 13. Qd3 f5
1/2-1/2

[Event "Najdorf 2017"]
[Site "Warsaw POL"]
[Date "2017.07.14"]
[Round "6.4"]
[White "Kveinys, Aloyzas"]
[Black "Jumabayev, Rinat"]
[Result "1/2-1/2"]
[WhiteElo "2542"]
[BlackElo "2620"]

1. d4 Nf6 2. c4 g6 3. Nc3 d5 4. Bf4 Bg7 5. e3 c5 6. dxc5 Qa5 7. Qa4+ Qxa4
8. Nxa4 Bd7 9. Nc3 Bc6 10. Nf3 Nbd7 11. O-O-O dxc4 12. Bxc4 Rc8 13. Rhg1
Nxc5 14. Ne5 O-O 15. Nxc6 Rxc6 16. Bb5 Rcc8 17. Kb1 Ne6 18. Nd5 Nxd5 19.
Rxd5 a6 20. Be2 Nxf4 1/2-1/2

[Event "Najdorf 2017"]
[Site "Warsaw POL"]
[Date "2017.07.14"]
[Round "6.5"]
[White "Mista, Aleksander"]
[Black "Puranik, Abhimanyu"]
[Result "1-0"]
[WhiteElo "2599"]
[BlackElo "2479"]

1. e4 e6 2. d4 d5 3. Nd2 Nc6 4. Ngf3 Nf6 5. e5 Nd7 6. Bd3 f6 7. Ng5 Ndxe5
8. dxe5 fxg5 9. Qh5+ g6 10. Bxg6+ Kd7 11. c4 Nxe5 12. Bc2 Bd6 13. O-O Qf6
14. b4 Ng6 15. Nb3 Nf4 16. Bxf4 Qxf4 17. g3 Qf6 18. f4 gxf4 19. c5 Qe5 20.
Qh3 Be7 21. Rae1 Qg5 22. Nd4 Kd8 23. c6 bxc6 24. Nxc6+ Ke8 25. Re5 Qg7 26.
Ba4 Kf7 27. Rxf4+ Bf6 28. Re1 h5 29. Rxf6+ Kxf6 30. Qh4+ Kg6 31. Bc2+ Kh6
32. Re5 1-0

[Event "Najdorf 2017"]
[Site "Warsaw POL"]
[Date "2017.07.14"]
[Round "6.6"]
[White "Markowski, Tomasz"]
[Black "Tomczak, Jacek"]
[Result "1/2-1/2"]
[WhiteElo "2557"]
[BlackElo "2596"]

1. c4 Nf6 2. g3 c5 3. Bg2 d5 4. cxd5 Nxd5 5. Nc3 Nc7 6. Qa4+ Bd7 7. Qb3 Nc6
8. Qxb7 Nd4 9. Qe4 g6 10. Qb1 Bg7 11. d3 Rb8 12. Bd2 O-O 13. e3 Bc6 14. Kf1
Bxg2+ 15. Kxg2 Nc6 16. Nf3 Nb4 17. d4 Ne6 18. a3 Nd5 19. Qa2 Nb6 20. d5
Bxc3 21. dxe6 Bxd2 22. Rhd1 c4 23. Rxd2 Qc7 24. exf7+ Rxf7 25. Ne1 Nd7 26.
Rc1 Ne5 27. b4 Rbf8 28. h3 Qc6+ 29. Kh2 Rf3 30. Qc2 R8f5 31. e4 Rf8 32. Re2
Rxa3 33. f4 Nf3+ 34. Nxf3 Rxf3 35. Qxc4+ Qxc4 36. Rxc4 Rd8 37. Rc7 Kf7 38.
Rxa7 Rb3 39. Ra5 Rxb4 40. h4 Rdd4 41. Re5 Rd3 42. h5 Rbb3 43. Rg2 Re3
1/2-1/2

[Event "Najdorf 2017"]
[Site "Warsaw POL"]
[Date "2017.07.14"]
[Round "6.7"]
[White "Sengupta, Deep"]
[Black "Saeed, Ishaq"]
[Result "1-0"]
[WhiteElo "2596"]
[BlackElo "2428"]

1. e4 e5 2. Nf3 Nc6 3. Bb5 a6 4. Ba4 Nf6 5. d3 d6 6. c3 g6 7. O-O Bg7 8.
Nbd2 O-O 9. Re1 b5 10. Bb3 Na5 11. Bc2 c5 12. Nf1 h6 13. h3 Re8 14. a4 Bb7
15. Ng3 Qc7 16. Bd2 Nc6 17. Nh2 Rad8 18. Qf3 Qe7 19. Ng4 Nxg4 20. hxg4 Qh4
21. Nf1 Ne7 22. axb5 axb5 23. Ra7 Rd7 24. Ra5 d5 25. Be3 d4 26. Bc1 c4 27.
Rxb5 f5 28. gxf5 gxf5 29. dxc4 Rf8 30. cxd4 exd4 31. Rxb7 Rxb7 32. exf5 Rd7
33. Bd3 Kh8 34. Ng3 Ng6 35. Re4 Qd8 36. Qe2 Nh4 37. Re6 Qa8 38. f3 Qa1 39.
Qf1 Rg8 40. Kh2 Rf7 41. Kh3 Bf6 42. Rxf6 Rxf6 43. Kxh4 Qa5 44. Bf4 Re8 45.
Qf2 Qd8 46. Kh3 Qd7 47. Kh2 h5 48. Nxh5 Rb6 49. f6 Qf7 50. Qh4 Kg8 51. Qg5+
1-0

[Event "Najdorf 2017"]
[Site "Warsaw POL"]
[Date "2017.07.14"]
[Round "6.9"]
[White "Szadkowski, Kamil"]
[Black "Efimenko, Zahar"]
[Result "0-1"]
[WhiteElo "2237"]
[BlackElo "2643"]

1. e4 d6 2. d4 g6 3. Nc3 Bg7 4. Bc4 Nf6 5. Qe2 c6 6. e5 dxe5 7. dxe5 Nd5 8.
Bd2 Be6 9. f4 Nd7 10. O-O-O O-O 11. Nf3 Qc8 12. Nd4 Nxc3 13. Bxc3 Bxc4 14.
Qxc4 Nb6 15. Qc5 e6 16. Ne2 Nd5 17. Bd2 b6 18. Qf2 Qa6 19. Kb1 f6 20. exf6
Rxf6 21. Bc3 Nxc3+ 22. Nxc3 Rf5 23. Ne4 Raf8 24. g3 Ra5 25. a3 Qb5 26. c3
Rxa3 27. Rd7 Qa4 0-1

[Event "Najdorf 2017"]
[Site "Warsaw POL"]
[Date "2017.07.14"]
[Round "6.10"]
[White "Kovalev, Vladislav"]
[Black "Kanarek, Marcel"]
[Result "1/2-1/2"]
[WhiteElo "2639"]
[BlackElo "2509"]

1. e4 c5 2. Nf3 e6 3. d4 cxd4 4. Nxd4 Nc6 5. Nc3 Nf6 6. a3 Qc7 7. Be3 Be7
8. Be2 O-O 9. O-O d6 10. f4 Nxd4 11. Qxd4 b6 12. Bf3 Bb7 13. Rad1 Rac8 14.
Nb5 Qb8 15. c4 Rfd8 16. b4 d5 17. cxd5 exd5 18. e5 Ne4 19. Rc1 Rc6 20. Qb2
Rdc8 21. Rxc6 Rxc6 22. Rc1 Rxc1+ 23. Qxc1 a5 24. bxa5 bxa5 25. a4 Bb4 26.
Bg4 Qd8 27. g3 g6 28. Bd4 h5 29. Bh3 h4 30. Kg2 Qe7 31. f5 gxf5 32. Bxf5
Bd2 33. Qc7 Qxc7 34. Nxc7 hxg3 35. e6 fxe6 36. Bxe6+ Kf8 37. hxg3 Bc3 38.
Bb6 d4 39. Bd5 d3 40. Kf3 d2 41. Ke2 Bc8 42. Be6 Bxe6 43. Nxe6+ Ke7 44. Nf4
Nxg3+ 45. Kd1 Kd6 46. Ne2 Nxe2 47. Kxe2 Kd5 48. Be3 1/2-1/2

[Event "Najdorf 2017"]
[Site "Warsaw POL"]
[Date "2017.07.14"]
[Round "6.11"]
[White "Dragun, Kamil"]
[Black "Gusain, Himal"]
[Result "1-0"]
[WhiteElo "2621"]
[BlackElo "2461"]

1. e4 c5 2. Nf3 e6 3. d4 cxd4 4. Nxd4 Nc6 5. Nc3 a6 6. Nxc6 bxc6 7. Qd3 d5
8. Qg3 Nf6 9. Be2 d4 10. e5 Nd7 11. Ne4 Qa5+ 12. c3 dxc3 13. Nxc3 Qxe5 14.
Bf4 Qf6 15. O-O Be7 16. Bc7 O-O 17. Rad1 Ra7 18. Bd6 Bxd6 19. Rxd6 c5 20.
Rfd1 Qe7 21. Qe3 Qd8 22. Qxc5 Nxc5 23. Rxd8 Nd7 24. Rxf8+ Kxf8 25. Ne4 a5
26. Nd6 Ba6 27. Bxa6 Rxa6 28. Nxf7 Ke7 29. Ng5 Rc6 30. Nxh7 Rc2 31. Rb1 Nc5
32. Ng5 Nd3 33. Nf3 a4 34. a3 Nxb2 35. h4 Kd6 36. h5 e5 37. g4 e4 38. Nd4
Rd2 39. Nf5+ Ke5 40. Nxg7 Nd3 41. h6 Nxf2 42. Rb5+ Kf4 43. Rf5+ Kxg4 44.
Rxf2 e3 45. Rf1 e2 46. Re1 Kf3 47. Nf5 Rd8 48. h7 Rh8 49. Nd4+ Ke3 50.
Rxe2+ Kxd4 51. Re7 Kd5 52. Kf2 Kd6 53. Ra7 Ke5 54. Ke3 Kf6 55. Kd4 Rc8 56.
Rxa4 Kg7 57. Rc4 Ra8 58. a4 Ra5 59. Kc3 Kxh7 60. Kb4 Ra8 61. Rg4 1-0

[Event "Najdorf 2017"]
[Site "Warsaw POL"]
[Date "2017.07.14"]
[Round "6.12"]
[White "Miroshnichenko, Pavel"]
[Black "Aleksandrov, Aleksej"]
[Result "0-1"]
[WhiteElo "2294"]
[BlackElo "2581"]

1. e4 e5 2. Nf3 Nc6 3. Nc3 Nf6 4. g3 Bc5 5. Bg2 d6 6. d3 a6 7. O-O h6 8.
Be3 Bxe3 9. fxe3 Bg4 10. Qd2 Bxf3 11. Rxf3 Ne7 12. Raf1 h5 13. Bh3 c6 14.
Nd1 Neg8 15. c4 Qe7 16. Qa5 Nh6 17. Bf5 O-O 18. h4 b5 19. Qc3 Rad8 20. cxb5
cxb5 21. Qb4 Qa7 22. Bh3 Nhg4 23. Qd2 d5 24. Bxg4 Nxg4 25. exd5 Rxd5 26.
Nc3 Rd7 27. Kh1 b4 28. Ne4 Rfd8 29. Ng5 Qb7 30. e4 f6 31. Ne6 Rc8 32. Rc1
Rd6 33. Nc5 Qb5 34. Nb3 Rcd8 35. d4 exd4 36. Rc5 Qe8 37. Rf4 d3 38. Rc7 Rc6
39. Rxc6 Qxc6 40. Qxb4 d2 41. Nxd2 Qc1+ 42. Nf1 Rd1 43. Qb3+ Kh7 44. Qf3
Re1 45. b4 Qc2 46. Rxg4 hxg4 47. Qf5+ g6 48. Qxf6 Qxe4+ 49. Kg1 Qe3+ 50.
Qf2 Qxf2+ 51. Kxf2 Ra1 52. Ne3 Rxa2+ 53. Ke1 Rb2 54. Nd5 Kg7 55. Nc7 Ra2
56. Kd1 Kf6 57. b5 axb5 58. Nxb5 Ke5 59. Nc3 Rg2 60. Ne2 Ke4 0-1

[Event "Najdorf 2017"]
[Site "Warsaw POL"]
[Date "2017.07.14"]
[Round "6.13"]
[White "Zhigalko, Andrey"]
[Black "Debashis, Das"]
[Result "1/2-1/2"]
[WhiteElo "2564"]
[BlackElo "2505"]

1. Nf3 Nf6 2. g3 d5 3. Bg2 c6 4. d3 Bg4 5. h3 Bh5 6. Bf4 e6 7. Nbd2 Bd6 8.
Bxd6 Qxd6 9. g4 Bg6 10. Nh4 Nbd7 11. e3 Ng8 12. Qe2 Ne7 13. f4 f6 14. O-O-O
O-O-O 15. Rhf1 Bf7 16. d4 Rhe8 17. e4 Qc7 18. Kb1 Kb8 19. Qf2 Bg8 20. exd5
cxd5 21. Rfe1 Nc6 22. Nb3 Nb6 23. Bf1 h6 24. Bd3 Nb4 25. Bg6 Re7 26. Re2
Qd6 27. Rde1 Nc6 28. Bd3 Rc7 29. c3 Nd7 30. Ng6 a6 31. h4 Re8 32. h5 Ka8
33. Re3 Kb8 34. R1e2 Rcc8 35. Qe1 Bf7 36. Nd2 Red8 37. Qg3 Ka8 38. Nh4 Bg8
39. Qf2 Bf7 40. Bg6 Bg8 41. Ng2 e5 42. Nb3 e4 43. Rg3 Rc7 44. Ne3 a5 45. g5
a4 46. Nf5 Qf8 47. gxh6 gxh6 48. Nc5 a3 49. Nxd7 Rdxd7 50. c4 dxc4 51. Rxe4
Rd8 52. Rxa3+ Kb8 53. Rae3 Rcc8 54. Ne7 Nxe7 55. Rxe7 Rxd4 56. Re8 Qb4 57.
Rxc8+ Kxc8 58. Re8+ Rd8 59. Qe3 Qd6 60. Rxd8+ Kxd8 61. Kc2 Be6 62. Kc3 Kc7
63. Qd4 Qxd4+ 64. Kxd4 Kd6 65. a4 b6 66. Be4 Bd7 67. Kxc4 Bxa4 68. Bf3 Bd7
69. Kd4 Be6 70. Be2 1/2-1/2

[Event "Najdorf 2017"]
[Site "Warsaw POL"]
[Date "2017.07.14"]
[Round "6.14"]
[White "Dziuba, Marcin"]
[Black "Prasanna, Raghuram Rao"]
[Result "1-0"]
[WhiteElo "2561"]
[BlackElo "2466"]

1. Nf3 Nf6 2. g3 c5 3. Bg2 Nc6 4. O-O e5 5. d3 g6 6. c4 Bg7 7. Nc3 O-O 8.
Bg5 h6 9. Bxf6 Qxf6 10. Rb1 d6 11. a3 Qd8 12. b4 cxb4 13. axb4 Be6 14. Ne1
Qd7 15. Nc2 f5 16. b5 Ne7 17. Nb4 e4 18. Qd2 Rac8 19. Rbc1 Kh7 20. e3 exd3
21. Ncd5 Nxd5 22. Nxd5 Rc5 23. Qxd3 Rfc8 24. Rc2 Qd8 25. Ra2 Ra8 26. Rb1
Qc8 27. Ra4 Qg8 28. h4 Be5 29. Rb3 Qg7 30. Rba3 Rac8 31. Rxa7 Rxc4 32. Rxb7
Rc1+ 33. Kh2 Qxb7 34. Nf6+ Bxf6 35. Bxb7 R8c2 36. Ra7 Bg7 37. Bg2 Rxf2 38.
Qd4 1-0

[Event "Najdorf 2017"]
[Site "Warsaw POL"]
[Date "2017.07.14"]
[Round "6.15"]
[White "Drozdowski, Kacper"]
[Black "Jakubowski, Krzysztof"]
[Result "1/2-1/2"]
[WhiteElo "2461"]
[BlackElo "2518"]

1. Nf3 d5 2. g3 Bg4 3. Bg2 e6 4. O-O Nd7 5. d3 Bc5 6. Nbd2 Ne7 7. b3 O-O 8.
Bb2 a5 9. a3 Bh5 10. c4 Ba7 11. Qc2 c5 12. e3 f6 13. Nb1 Nc6 14. Nc3 Bf7
15. Nh4 Nde5 16. Nb5 d4 17. exd4 cxd4 18. h3 g5 19. Nf3 Nxf3+ 20. Bxf3 Bb8
21. Qe2 Qd7 22. Bg2 Ra6 23. Rae1 e5 24. Bc1 Kh8 25. f4 gxf4 26. gxf4 exf4
27. Bxf4 Ne5 28. Qe4 Rg8 29. Kh1 a4 30. Qxb7 Qxb7 31. Bxb7 Rb6 32. Be4 axb3
33. Nxd4 Bg6 34. Bxg6 hxg6 35. Bxe5 Bxe5 36. Nb5 Rd8 37. d4 Bxd4 38. Rd1 b2
39. Nxd4 Rbd6 40. Rb1 Rxd4 41. Rxb2 Kg7 42. Rb7+ Kh6 43. Rxf6 Rxc4 44. Rbf7
Rc3 45. Rf3 Rdd3 46. Kg2 Rxa3 47. Rxd3 Rxd3 48. Rf4 1/2-1/2